LEADER 00822nam a2200217 i 4500 001 000000166541 003 CaOOAMICUS 005 20071113000000.0 008 071113s1971 it u000 u ita u 013 $a143910 040 $aSeMil$bita 100 1 $aAsprea, Luca.$0(OLS)http://semarc/name/62719 245 13$aIl previtocciolo /$cdon Luca Asprea ; prefazione di Franco Cordero. 260 $aMilano :$bFeltrinelli,$ccopyr. 1971. 300 $aXXIII, 331 p. ;$c19 cm. 700 1 $aCordero, Franco,$d<1928-2020>.$0(OLS)http://semarc/name/5074 850 $aSeMil 852 $aSeMil$W1$xVenegono$y1$m1B I 410$j236604$B117704$CSeMilBibl$Z2$F128395 $81 961 $aRecupero: Altro 996 $6245$aIl previtocciolo$9(OLS)http://semarc/title/237977 996 $6260$aMilano :$bFeltrinelli$9(OLS)http://semarc/publisher/30237 LEADER 01146nam a2200229 4500 001 000000341419 003 CaOOAMICUS 005 20200810144240.0 008 200810s1857 it 000 u ita r 040 $aSeMil$bita 100 11$aDescuret, Jean-Baptiste-Félix,$d<1795-1871>.$0(OLS)http://semarc/name/12646 240 14$aLes merveilles du corps humain.$0(OLS)http://semarc/title/430417 245 03$aLe meraviglie del corpo umano :$bcompendio metodico di anatomia, fisiologia ed igiene /$cdel dottore G. B. F. Descuret ; traduzione con note ed appendici del dottore Ferdinando Tonini. 264 1$aMilano :$bErnesto Oliva,$c1857. 300 $aXII, 484 p. ;$c20 cm 650 4$aCorpo umano.$0(OLS)http://semarc/subject/7329 700 1 $aTonini, Ferdinando.$0(OLS)http://semarc/name/25109 850 $aSeMil 852 $aSeMil$W1$xVenegono$y1$m3XE III 19 FA$j220446$B232421$CSeMilBibl$Z2$F232421 $8I 996 $6245$aLe meraviglie del corpo umano :$bcompendio metodico di anatomia, fisiologia ed igiene$9(OLS)http://semarc/title/430418 996 $6264$aMilano :$bErnesto Oliva$9(OLS)http://semarc/publisher/31294